00480nam a2200157Ia 450000500170000000800410001708200130005810000140007124500470008526000440013230000130017665000180018994200060020795200940021399900150030720241113004137.0240331s9999 xx 000 0 und d bMENa823 aMendis, R 4aThe tragedy of a mystery :bA Ceylon story aLondonbArthur H. Stock well, Ltdc1986 a144 p ., aShort Stories cL 001040708LaWERCLbWERCLcSSCd2024-03-31l0o 823 MENp243r2024-03-31w2024-03-31yL c3349d3349